Privatización: impacto en las tarifas y subsidios
Sábháilte in:
| Formáid: | Téacs |
|---|---|
| Ábhair: | |
| Clibeanna: |
Cuir clib leis
Níl clibeanna ann, Bí ar an gcéad duine le clib a chur leis an taifead seo!
|
MARC
| LEADER | 00000 a a2200000 04500 | ||
|---|---|---|---|
| 001 | 6380 | ||
| 003 | |||
| 040 | |||
| 245 | |a Privatización: |b impacto en las tarifas y subsidios | ||
| 650 | |a PRIVATIZACION | ||
| 650 | |a SERVICIOS PUBLICOS | ||
| 650 | |a SECTOR TERCIARIO | ||
| 773 | |g volumen 21, número 908; páginas 6-8 | ||
| 999 | |c 37042 |d 37042 | ||
